00495nam a2200193 a 4500001001300000003000900013005001700022008004100039020001000080082001300090100001900103245005000122260003900172300000900211500003500220505001000255650001700265700001900282nice12345678IN_TiNIC20260116011335.0050524s1943 cala grp 000 0 eng  ac10000a958bKUN aKunitz, Joshua aDawn Over Samarkandb Rebirth on Central Asia aCalcuttabGeneral Publishersc1943 a362p aincludes index and biblioraphy2 aIndex aCentral Asia1 aKunitz, Joshua